|
|
|
|
| LEADER |
00000nas a2200000 i 4500 |
| 001 |
ssj0001077871 |
| 003 |
WaSeSS |
| 005 |
20200512172242.0 |
| 006 |
m d |
| 007 |
cr n |
| 008 |
140107c20uu9999po a| p|s|||||| |0por d |
| 035 |
|
|
|a (WaSeSS)ssj0001077871
|
| 040 |
|
|
|a WaSeSS
|b eng
|c WaSeSS
|d WaSeSS
|
| 050 |
1 |
4 |
|a HF5410
|
| 245 |
0 |
0 |
|a Revista portuguesa de marketing
|h [electronic resource].
|
| 260 |
|
|
|a Matosinhos, Portugal :
|b Revista Portuguesa de Marketing
|
| 310 |
|
|
|a Annual
|
| 506 |
|
|
|a License restrictions may limit access.
|
| 588 |
|
|
|a Description based on: 25 (2009); title from article pdf (ProQuest, viewed Jan. 7, 2014).
|
| 588 |
|
|
|a Latest issue consulted: 30 (2013) (viewed Jan. 7, 2014).
|
| 650 |
|
0 |
|a Marketing
|v Periodicals.
|
| 655 |
|
0 |
|a Electronic journals.
|
| 776 |
0 |
8 |
|i Print version:
|t Revista portuguesa de marketing
|x 0873-2949
|
| 856 |
4 |
0 |
|z Full text available from Research Library: 01/01/2009 to 01/31/2016
|u https://search.proquest.com/publication/436306
|